000 00382nam a2200181Ia 4500
001 4685
005 20260306145814.0
008 260306t2009||||xx |||||||||||||| ||spa||
041 _aESP
082 _a330
_bP26 2009
100 _aParkin, Michael
_eAUT
245 0 _aEconomía
260 _c2009
300 _a
_c
650 _aGEN
654 _aCAN
942 _cLIB
_dJUS
_fJUS
_2ddc
_n
999 _c4685
_d4685